UEFA Player of the Year - Statistics

General Stats
  • This quiz has been taken 46 times
  • The average score is 10 of 13
Answer Stats
Hint Answer % Correct
13/14 Cristiano Ronaldo
100%
15/16 Cristiano Ronaldo
100%
16/17 Cristiano Ronaldo
100%
10/11 Lionel Messi
97%
14/15 Lionel Messi
97%
17/18 Luka Modric
81%
21/22 Karim Benzema
78%
22/23 Erling Haaland
76%
19/20 Robert Lewandowski
70%
18/19 Virgil Van Dijk
62%
11/12 Andres Iniesta
49%
12/13 Frank Ribery
49%
20/21 Jorginho
35%
No matching quizzes found
Score Distribution
Percent of People with Each Score
Percentile by Number Answered
Your Score History
You have not taken this quiz